[Event "Bhubaneswar op 1st"]
[Site "Bhubaneswar"]
[Date "2009.06.07"]
[Round "1"]
[White "Deepan Chakkravarthy, J."]
[Black "Md, Rimon"]
[Result "1-0"]
[WhiteElo "2482"]
[BlackElo "1909"]
[PlyCount "43"]
[EventDate "2009.06.07"]
[EventType "swiss"]
[EventRounds "10"]
[EventCountry "IND"]
[SourceTitle "CBM 130 Extra"]
[Source "ChessBase"]
[SourceDate "2009.07.02"]
[SourceVersion "2"]
[SourceVersionDate "2009.07.15"]
[SourceQuality "1"]

1. e4 c5 2. Nf3 Nc6 3. Nc3 e5 4. Bc4 h6 5. d3 Qc7 6. a3 a6 7. 0-0 b5 8. Ba2 Nf6 9. Nh4 d6 10. f4 exf4 11. Bxf4 g5 12. Bd2 gxh4 13. Rxf6 Ne5 14. Nd5 Qa7 15. Ba5 Rb8 16. Nc7+ Ke7 17. Nd5+ Ke8 18. d4 cxd4 19. Nc7+ Ke7 20. Qh5 Kxf6 21. Rf1+ Kg7 22. Rxf7+ 1-0